00405cam a22001217a 4500008004000000082001500040100002300055245007000078260005300148300001000201650004100211650003100252180718b1952 xxu||||| |||| 00| 0 eng d aZx768 T256 aWengert, Norman I. aValley of tomorrow: the TVA and agriculturecby Norman I. Wengert aKnoxvillebBureau of Public Administrationc1952 a151p. aAgriculture --Tennessee River Valley aTennessee Valley Authority